Loading...
History - American History | 0 | 7 | 3 | 1 | 55 | 84 | 114.71 | 0 | 1 |
Social Science | 0 | 6 | 2 | 0 | 50 | 90 | 103.00 | 1 | 2 |
Fine Arts - Other Fine Arts | 0 | 5 | 0 | 0 | 50 | 88 | 105.60 | 0 | 0 |
Literature - American Literature | 0 | 3 | 0 | 0 | 30 | 56 | 84.00 | 1 | 2 |
Fine Arts - Classical Music | 0 | 4 | 2 | 3 | 30 | 130 | 140.25 | 0 | 0 |
Fine Arts - Painting & Sculpture | 0 | 3 | 2 | 0 | 20 | 115 | 140.33 | 0 | 0 |
Literature - European Literature | 0 | 2 | 0 | 1 | 20 | 133 | 146.50 | 0 | 0 |
History - World History | 0 | 2 | 0 | 0 | 20 | 137 | 144.50 | 0 | 0 |
Science - Biology | 0 | 2 | 0 | 0 | 20 | 106 | 111.50 | 0 | 0 |
Science - Other Science | 0 | 2 | 1 | 0 | 15 | 119 | 124.50 | 0 | 0 |
Literature - World Literature | 0 | 1 | 0 | 1 | 10 | 152 | 152.00 | 0 | 0 |
History - Other History | 0 | 1 | 0 | 1 | 10 | 133 | 133.00 | 0 | 0 |
Literature - British Literature | 0 | 1 | 0 | 0 | 10 | 28 | 28.00 | 1 | 1 |
Geography | 0 | 2 | 2 | 0 | 10 | 92 | 96.50 | 0 | 0 |
Science - Chemistry | 0 | 1 | 1 | 0 | 5 | 130 | 130.00 | 0 | 0 |
History - European History | 0 | 1 | 1 | 0 | 5 | 40 | 40.00 | 1 | 1 |
Religion | 0 | 0 | 1 | 0 | -5 | 0.00 | 0 | 0 | |
Science - Physics | 0 | 0 | 1 | 0 | -5 | 0.00 | 0 | 0 | |
Current Events | 0 | 0 | 2 | 0 | -10 | 0.00 | 0 | 0 |